[Event "CAN-ch U20"]
[Site "Brantford CAN"]
[Date "2005.05.03"]
[Round "7"]
[White "Zaczek, Jonathon"]
[Black "Rachar, Sean"]
[Result "1-0"]
[WhiteElo "2012"]
[BlackElo "1751"]
[PlyCount "62"]
[GameId "2160767910968622"]
[EventDate "2005.04.30"]
[EventType "swiss"]
[EventRounds "9"]
[EventCountry "CAN"]
[SourceTitle "EXT 2006"]
[Source "ChessBase"]
[SourceDate "2005.11.24"]
[SourceVersion "1"]
[SourceVersionDate "2005.11.24"]
[SourceQuality "1"]

1. e4 c6 2. d4 d5 3. e5 Bf5 4. Bd3 Bg6 5. f4 e6 6. Nf3 c5 7. c3 Nc6 8. O-O cxd4 9. Nxd4 Bc5 10. Be3 Qb6 11. Bxg6 hxg6 12. Qd2 Nge7 13. Rd1 Nf5 14. Bf2 Rc8 15. Nf3 Ne3 16. b4 Nxd1 17. Bxc5 Qa6 18. Qxd1 b6 19. Be3 O-O 20. a4 Ne7 21. b5 Qb7 22. Qd3 Rc7 23. Nbd2 Rfc8 24. Rc1 Kf8 25. g4 Ke8 26. Kf2 d4 27. Nxd4 Nd5 28. c4 a6 29. Nc6 Rxc6 30. bxc6 Qxc6 31. Ne4 Rc7 1-0

[Event "CAN-ch U20"]
[Site "Brantford CAN"]
[Date "2005.05.03"]
[Round "8"]
[White "Rachar, Sean"]
[Black "Jiang, Louie"]
[Result "1-0"]
[WhiteElo "1751"]
[BlackElo "1692"]
[PlyCount "133"]
[GameId "2160767910968624"]
[EventDate "2005.04.30"]
[EventType "swiss"]
[EventRounds "9"]
[EventCountry "CAN"]
[SourceTitle "EXT 2006"]
[Source "ChessBase"]
[SourceDate "2005.11.24"]
[SourceVersion "1"]
[SourceVersionDate "2005.11.24"]
[SourceQuality "1"]

1. d4 d5 2. c4 e6 3. Nc3 Nf6 4. Bf4 c6 5. Nf3 Nbd7 6. e3 Be7 7. Be2 O-O 8. O-O b6 9. cxd5 exd5 10. Rb1 Re8 11. b4 Nf8 12. Ne5 Bb7 13. Qa4 Ng6 14. Nxg6 hxg6 15. Rfc1 Bd6 16. Bg3 Bxg3 17. hxg3 Qd6 18. Rc2 Rec8 19. Qb3 Rc7 20. a4 Bc8 21. Rbc1 Bf5 22. Ra2 Be6 23. Bd3 Rcc8 24. Ne2 g5 25. Rac2 Ne4 26. a5 c5 27. bxc5 bxc5 28. Bxe4 dxe4 29. Qb7 Bd5 30. dxc5 Bxb7 31. cxd6 Rd8 32. Rd2 Ba6 33. Kf1 Bd3 34. Rc6 Rac8 35. Rxc8 Rxc8 36. f3 f5 37. Kf2 Rd8 38. Nc3 Kf7 39. g4 g6 40. gxf5 gxf5 41. g4 fxg4 42. Nxe4 Bxe4 43. fxe4 Ke6 44. Rd5 Rxd6 45. Rxg5 Kf6 46. Rxg4 Ra6 47. Rf4+ Ke6 48. Rf5 Ke7 49. Ke2 Rd6 50. Rd5 Rc6 51. Kd3 Ke6 52. Kd4 Rc1 53. Rc5 Rd1+ 54. Kc4 Rc1+ 55. Kb5 Re1 56. Ka6 Rxe3 57. e5 Rb3 58. Kxa7 Rb1 59. a6 Rb2 60. Ka8 Kd7 61. a7 Rb6 62. e6+ Kxe6 63. Rc7 Rb1 64. Rb7 Rh1 65. Kb8 Rh8+ 66. Kc7 Ra8 67. Kb6 1-0

[Event "CAN-ch U20"]
[Site "Brantford CAN"]
[Date "2005.05.03"]
[Round "8"]
[White "Xia, Angel"]
[Black "Yu, Jonathan"]
[Result "1-0"]
[WhiteElo "1896"]
[BlackElo "1974"]
[PlyCount "43"]
[GameId "2160767910968626"]
[EventDate "2005.04.30"]
[EventType "swiss"]
[EventRounds "9"]
[EventCountry "CAN"]
[SourceTitle "EXT 2006"]
[Source "ChessBase"]
[SourceDate "2005.11.24"]
[SourceVersion "1"]
[SourceVersionDate "2005.11.24"]
[SourceQuality "1"]

1. e4 e6 2. d4 d5 3. exd5 exd5 4. Bd3 Bd6 5. Qf3 Nc6 6. c3 Be6 7. Ne2 Nge7 8. Bf4 h6 9. h4 Bxf4 10. Nxf4 Qd7 11. Nd2 O-O-O 12. Nxe6 Qxe6+ 13. Be2 Kb8 14. O-O-O Rd6 15. Bd3 f5 16. Rde1 Qf7 17. Qh3 Rg8 18. Nf3 g5 19. hxg5 hxg5 20. Qh5 Qf6 21. Ne5 Nxe5 22. dxe5 1-0

[Event "CAN-ch U20"]
[Site "Brantford CAN"]
[Date "2005.05.03"]
[Round "8"]
[White "Zaczek, Jonathon"]
[Black "Boik, Andrew"]
[Result "0-1"]
[WhiteElo "2012"]
[BlackElo "2058"]
[PlyCount "70"]
[GameId "2160767910968627"]
[EventDate "2005.04.30"]
[EventType "swiss"]
[EventRounds "9"]
[EventCountry "CAN"]
[SourceTitle "EXT 2006"]
[Source "ChessBase"]
[SourceDate "2005.11.24"]
[SourceVersion "1"]
[SourceVersionDate "2005.11.24"]
[SourceQuality "1"]

1. e4 c5 2. Nf3 d6 3. d4 cxd4 4. Nxd4 Nf6 5. Nc3 a6 6. Bc4 e6 7. Bb3 Be7 8. g4 Nc6 9. g5 Nxd4 10. Qxd4 Nh5 11. h4 O-O 12. Be3 b5 13. O-O-O Rb8 14. Kb1 a5 15. a3 Re8 16. Rhf1 b4 17. axb4 Rxb4 18. Qd3 Bd7 19. Bc5 Nf4 20. Qd2 dxc5 21. Qxd7 Qxd7 22. Rxd7 c4 23. Ba4 Bf8 24. Ra7 Reb8 25. b3 cxb3 26. Bxb3 Rc4 27. Kb2 Nd3+ 28. cxd3 Rcb4 29. Rc7 Rxb3+ 30. Kc2 Rb2+ 31. Kd1 Bb4 32. h5 Rd8 33. Kc1 Ba3 34. Nb1 Rb7+ 35. Nxa3 Rxc7+ 0-1

[Event "CAN-ch U20"]
[Site "Brantford CAN"]
[Date "2005.05.04"]
[Round "9"]
[White "Boik, Andrew"]
[Black "Rachar, Sean"]
[Result "1-0"]
[WhiteElo "2058"]
[BlackElo "1751"]
[PlyCount "61"]
[GameId "2160767910968628"]
[EventDate "2005.04.30"]
[EventType "swiss"]
[EventRounds "9"]
[EventCountry "CAN"]
[SourceTitle "EXT 2006"]
[Source "ChessBase"]
[SourceDate "2005.11.24"]
[SourceVersion "1"]
[SourceVersionDate "2005.11.24"]
[SourceQuality "1"]

1. Nf3 d5 2. c4 c6 3. d4 Nf6 4. Nc3 Bf5 5. cxd5 cxd5 6. Qb3 b6 7. Bf4 a6 8. Bxb8 Rxb8 9. Qa4+ Bd7 10. Qb3 e6 11. e3 b5 12. Rc1 Bd6 13. Bd3 Qa5 14. Bc2 O-O 15. O-O b4 16. Nb1 Bb5 17. Rfd1 Rfc8 18. Nbd2 Rc6 19. Ne5 Bxe5 20. dxe5 Nd7 21. Bxh7+ Kxh7 22. Rxc6 Bxc6 23. Qc2+ Kg8 24. Qxc6 Qxa2 25. Qxd7 Qxb2 26. Qc7 Rf8 27. h3 b3 28. Qb7 Qxe5 29. Qxb3 Qc7 30. Nf3 Rb8 31. Qa4 1-0

[Event "CAN-ch U20"]
[Site "Brantford CAN"]
[Date "2005.05.04"]
[Round "9"]
[White "Iv, Kieng"]
[Black "Jiang, Louie"]
[Result "0-1"]
[WhiteElo "1466"]
[BlackElo "1692"]
[PlyCount "94"]
[GameId "2160767910968629"]
[EventDate "2005.04.30"]
[EventType "swiss"]
[EventRounds "9"]
[EventCountry "CAN"]
[SourceTitle "EXT 2006"]
[Source "ChessBase"]
[SourceDate "2005.11.24"]
[SourceVersion "1"]
[SourceVersionDate "2005.11.24"]
[SourceQuality "1"]

1. c4 c5 2. Nc3 Nf6 3. g3 d6 4. d3 g6 5. Bg2 Bg7 6. Bd2 O-O 7. e4 Nc6 8. Nge2 Rb8 9. O-O a6 10. a4 e6 11. f4 Bd7 12. Re1 Qc7 13. Qc1 Nb4 14. Qb1 Rfd8 15. Na2 Be8 16. Nxb4 cxb4 17. Kh1 b5 18. axb5 axb5 19. Bxb4 Qd7 20. Ba5 Rdc8 21. cxb5 Qxb5 22. Bc3 Ng4 23. Kg1 Bxc3 24. bxc3 Qh5 25. h3 Rxb1 26. Rexb1 Ne3 27. g4 Qc5 28. d4 Qc4 29. Bf3 d5 30. e5 Qc7 31. Kf2 Nc4 32. f5 Nd2 33. Rb2 Nxf3 34. Kxf3 Rb8 35. Rba2 Bb5 36. f6 Bxe2+ 37. Kxe2 Qxc3 38. Ra8 Qb2+ 39. Kd3 h6 40. R1a7 Qb5+ 41. Kd2 Qe8 42. Rxb8 Qxb8 43. Ra2 Qb4+ 44. Kc2 Qc4+ 45. Kb1 Qxd4 46. Ra8+ Kh7 47. Ka2 Qxe5 0-1

[Event "CAN-ch U20"]
[Site "Brantford CAN"]
[Date "2005.05.04"]
[Round "9"]
[White "Yu, Jonathan"]
[Black "Zaczek, Jonathon"]
[Result "0-1"]
[WhiteElo "1974"]
[BlackElo "2012"]
[PlyCount "104"]
[GameId "2160767910968632"]
[EventDate "2005.04.30"]
[EventType "swiss"]
[EventRounds "9"]
[EventCountry "CAN"]
[SourceTitle "EXT 2006"]
[Source "ChessBase"]
[SourceDate "2005.11.24"]
[SourceVersion "1"]
[SourceVersionDate "2005.11.24"]
[SourceQuality "1"]

1. e4 b6 2. d4 Bb7 3. Nc3 e6 4. Nf3 Nf6 5. Bd3 d5 6. e5 Nfd7 7. Ne2 c5 8. c3 Be7 9. O-O Nc6 10. Nf4 Qc7 11. Nh5 O-O-O 12. Nxg7 h5 13. Bg6 Rdg8 14. Bxf7 Rxg7 15. Bxe6 Nd8 16. Bh3 Kb8 17. Ne1 Ba6 18. Nd3 cxd4 19. cxd4 Nf8 20. Be3 Qc4 21. Bf5 Rf7 22. Rc1 Qxa2 23. Bh3 Nfe6 24. f4 Qa5 25. Rf2 Rhf8 26. Qc2 Qb5 27. Rd1 Ng7 28. Ne1 Nf5 29. Bc1 Ne6 30. Nf3 Qc4 31. Qxc4 Bxc4 32. g3 Kb7 33. Bxf5 Rxf5 34. Be3 Bb5 35. h3 Rg8 36. Rg2 Rf7 37. Ne1 Rfg7 38. Kf2 Rxg3 39. f5 Rxg2+ 40. Nxg2 Ng5 41. Bxg5 Rxg5 42. f6 Bxf6 43. exf6 Rf5+ 44. Kg3 Rxf6 45. Nf4 Rf5 46. Re1 h4+ 47. Kf3 Rf7 48. Re5 Rg7 49. Rxd5 Bc6 50. Ke4 Re7+ 51. Kf5 Rf7+ 52. Kg4 Rxf4+ 0-1

[Event "CAN-op"]
[Site "Edmonton CAN"]
[Date "2005.07.09"]
[Round "1"]
[White "Bertrand, Daryl"]
[Black "Dzieciolowski, Piotr"]
[Result "1-0"]
[WhiteElo "1987"]
[BlackElo "1686"]
[PlyCount "31"]
[GameId "2160767910901258"]
[EventDate "2005.07.09"]
[EventType "swiss"]
[EventRounds "10"]
[EventCountry "CAN"]
[SourceTitle "CBM 107 Extra"]
[Source "ChessBase"]
[SourceDate "2005.09.01"]
[SourceVersion "1"]
[SourceVersionDate "2005.09.01"]
[SourceQuality "1"]

1. e4 e5 2. Nf3 Nc6 3. Bc4 Bc5 4. b4 Bxb4 5. c3 Ba5 6. d4 exd4 7. O-O d6 8. Qb3 Qe7 9. Ba3 Bxc3 10. Nxc3 dxc3 11. e5 Nh6 12. exd6 Qd7 13. Rfe1+ Kd8 14. Rad1 Qf5 15. dxc7+ Kxc7 16. Bd6+ 1-0

[Event "CAN-op"]
[Site "Edmonton CAN"]
[Date "2005.07.09"]
[Round "1"]
[White "Boron, Anthony"]
[Black "MacFarlane, Donald"]
[Result "1-0"]
[WhiteElo "1966"]
[BlackElo "1479"]
[PlyCount "49"]
[GameId "2160767910901259"]
[EventDate "2005.07.09"]
[EventType "swiss"]
[EventRounds "10"]
[EventCountry "CAN"]
[SourceTitle "CBM 107 Extra"]
[Source "ChessBase"]
[SourceDate "2005.09.01"]
[SourceVersion "1"]
[SourceVersionDate "2005.09.01"]
[SourceQuality "1"]

1. e4 e5 2. Nf3 Nf6 3. Nxe5 d6 4. Nf3 Nxe4 5. Nc3 Nxc3 6. dxc3 Nc6 7. Bf4 Be7 8. Qd2 Be6 9. Bd3 h6 10. h3 Qd7 11. a3 O-O-O 12. O-O-O g5 13. Be3 f5 14. Nd4 f4 15. Nxc6 Qxc6 16. Bd4 Qxg2 17. Bxh8 Rxh8 18. Rde1 Qd5 19. c4 Qc6 20. Qe2 d5 21. Qxe6+ Qxe6 22. Rxe6 dxc4 23. Bf5 Kd8 24. Rd1+ Ke8 25. Rde1 1-0

[Event "CAN-op"]
[Site "Edmonton CAN"]
[Date "2005.07.09"]
[Round "1"]
[White "Deimert, Elroy"]
[Black "Neven, Knut"]
[Result "0-1"]
[WhiteElo "1666"]
[BlackElo "2233"]
[PlyCount "54"]
[GameId "2160767910901260"]
[EventDate "2005.07.09"]
[EventType "swiss"]
[EventRounds "10"]
[EventCountry "CAN"]
[SourceTitle "CBM 107 Extra"]
[Source "ChessBase"]
[SourceDate "2005.09.01"]
[SourceVersion "1"]
[SourceVersionDate "2005.09.01"]
[SourceQuality "1"]

1. d4 Nf6 2. Nf3 g6 3. c4 Bg7 4. Nc3 d5 5. Bf4 O-O 6. Qd2 c5 7. Bh6 cxd4 8. Bxg7 dxc3 9. bxc3 Kxg7 10. Rd1 Bd7 11. h4 Ba4 12. h5 Bxd1 13. hxg6 fxg6 14. Qh6+ Kg8 15. Ng5 Rf7 16. Nxf7 Kxf7 17. Kxd1 dxc4+ 18. Ke1 Qa5 19. Qd2 Nc6 20. e4 Ne5 21. f4 Rd8 22. Qc2 Nd3+ 23. Bxd3 Rxd3 24. e5 Rxc3 25. Rxh7+ Nxh7 26. e6+ Kf8 27. Qxg6 Re3+ 0-1

[Event "CAN-op"]
[Site "Edmonton CAN"]
[Date "2005.07.09"]
[Round "1"]
[White "Gauer, Kai"]
[Black "Erickson, John"]
[Result "0-1"]
[WhiteElo "1132"]
[BlackElo "1904"]
[PlyCount "64"]
[GameId "2160767910901261"]
[EventDate "2005.07.09"]
[EventType "swiss"]
[EventRounds "10"]
[EventCountry "CAN"]
[SourceTitle "CBM 107 Extra"]
[Source "ChessBase"]
[SourceDate "2005.09.01"]
[SourceVersion "1"]
[SourceVersionDate "2005.09.01"]
[SourceQuality "1"]

1. e4 d6 2. c4 c5 3. Nc3 Nc6 4. d3 g6 5. f4 Bg7 6. Nce2 Nf6 7. h3 a6 8. a4 Nb4 9. Nf3 Qa5 10. Nc3 Nh5 11. Ra3 Ng3 12. Rh2 Bd4 13. Bd2 Nxf1 14. Kxf1 O-O 15. Nxd4 cxd4 16. Nd5 Nxd5 17. exd5 Qc7 18. g4 Bd7 19. a5 e6 20. dxe6 fxe6 21. Qf3 Bc6 22. Qg3 d5 23. Rf2 dxc4 24. dxc4 Be4 25. b3 Rf7 26. Re2 Bc6 27. Kg1 Bd7 28. Re5 Raf8 29. Bb4 Rxf4 30. Bxf8 Qxe5 31. Bh6 Rf1+ 32. Kg2 Qe2+ 0-1

[Event "CAN-op"]
[Site "Edmonton CAN"]
[Date "2005.07.09"]
[Round "1"]
[White "Gonzalez, Ivan1"]
[Black "Milner, Din"]
[Result "1-0"]
[WhiteElo "1839"]
[BlackElo "1132"]
[PlyCount "53"]
[GameId "2160767910901262"]
[EventDate "2005.07.09"]
[EventType "swiss"]
[EventRounds "10"]
[EventCountry "CAN"]
[SourceTitle "CBM 107 Extra"]
[Source "ChessBase"]
[SourceDate "2005.09.01"]
[SourceVersion "1"]
[SourceVersionDate "2005.09.01"]
[SourceQuality "1"]

1. d4 d5 2. g3 Nf6 3. Bg2 Nc6 4. c4 dxc4 5. d5 Nb4 6. Qa4+ c6 7. Qxb4 cxd5 8. Bg5 h6 9. Bxf6 exf6 10. Qb5+ Qd7 11. Qxd7+ Bxd7 12. Bxd5 O-O-O 13. Nf3 Bb4+ 14. Nc3 Rhe8 15. Bxc4 Bc6 16. O-O Bxc3 17. bxc3 b5 18. Bxf7 Re7 19. Nd4 Red7 20. Nxc6 Rxf7 21. Nxd8 Kxd8 22. Rad1+ Kc8 23. Rd5 Rc7 24. Rd3 g5 25. Rfd1 a5 26. Rd8+ Kb7 27. R8d7 1-0

[Event "CAN-op"]
[Site "Edmonton CAN"]
[Date "2005.07.09"]
[Round "1"]
[White "Grumic, Sasha"]
[Black "Camphaug, Lincoln"]
[Result "1-0"]
[WhiteElo "2087"]
[BlackElo "1602"]
[PlyCount "69"]
[GameId "2160767910901263"]
[EventDate "2005.07.09"]
[EventType "swiss"]
[EventRounds "10"]
[EventCountry "CAN"]
[SourceTitle "CBM 107 Extra"]
[Source "ChessBase"]
[SourceDate "2005.09.01"]
[SourceVersion "1"]
[SourceVersionDate "2005.09.01"]
[SourceQuality "1"]

1. e4 e5 2. Nf3 Nc6 3. Bc4 Nf6 4. d3 h6 5. c3 a6 6. O-O d6 7. Nbd2 Be7 8. Re1 O-O 9. Nf1 Na5 10. Bb3 Nxb3 11. Qxb3 Rb8 12. Ne3 Be6 13. Qc2 c5 14. h3 Qc7 15. g4 Rfe8 16. Nf5 Bxf5 17. gxf5 Red8 18. Kh1 d5 19. Rg1 Kh7 20. Rxg7+ Kxg7 21. Bxh6+ Kh8 22. exd5 Nxd5 23. Qe2 Bf8 24. Bxf8 Rxf8 25. Nxe5 f6 26. Ng6+ Kg8 27. Rg1 Rf7 28. Ne7+ Kh8 29. Nxd5 Qc6 30. c4 Rg8 31. Rg4 Rh7 32. Kg2 Rxg4+ 33. hxg4 Rg7 34. f3 Rg8 35. Qe3 1-0

[Event "CAN-op"]
[Site "Edmonton CAN"]
[Date "2005.07.09"]
[Round "1"]
[White "Haessel, Dale"]
[Black "Panjwani, Dilip"]
[Result "1-0"]
[WhiteElo "2230"]
[BlackElo "1662"]
[PlyCount "97"]
[GameId "2160767910901264"]
[EventDate "2005.07.09"]
[EventType "swiss"]
[EventRounds "10"]
[EventCountry "CAN"]
[SourceTitle "CBM 107 Extra"]
[Source "ChessBase"]
[SourceDate "2005.09.01"]
[SourceVersion "1"]
[SourceVersionDate "2005.09.01"]
[SourceQuality "1"]

1. c4 e5 2. g3 Nc6 3. Bg2 Bc5 4. Nc3 d6 5. Na4 Nge7 6. Nxc5 dxc5 7. d3 O-O 8. Nf3 f6 9. O-O Nd4 10. Rb1 Nec6 11. Nxd4 Nxd4 12. a3 c6 13. b4 cxb4 14. axb4 Qc7 15. e3 Ne6 16. f4 Bd7 17. Bb2 a5 18. fxe5 fxe5 19. Qh5 Rxf1+ 20. Rxf1 Be8 21. Qf5 Bf7 22. Bxe5 Qe7 23. Bh3 axb4 24. Bd6 g6 25. Bxe7 gxf5 26. Bxb4 c5 27. Bd2 Ra2 28. Bc1 Bg6 29. Bxf5 Bxf5 30. Rxf5 Rc2 31. Rf1 Ng5 32. Ba3 Nh3+ 33. Kh1 Nf2+ 34. Rxf2 Rxf2 35. Bxc5 Kf7 36. Bd6 Rf6 37. Bf4 Ke6 38. Kg2 Kf5 39. Kf3 h5 40. e4+ Ke6 41. d4 Rf8 42. d5+ Kd7 43. Ke3 Rc8 44. Kd4 b6 45. e5 Rc5 46. e6+ Ke7 47. Bg5+ Ke8 48. h4 Ra5 49. e7 1-0

[Event "CAN-op"]
[Site "Edmonton CAN"]
[Date "2005.07.09"]
[Round "1"]
[White "Hendon, Lee"]
[Black "Tang, Edward"]
[Result "1-0"]
[WhiteElo "1544"]
[BlackElo "2022"]
[PlyCount "75"]
[GameId "2160767738377110"]
[EventDate "2005.07.09"]
[EventType "swiss"]
[EventRounds "10"]
[EventCountry "CAN"]
[SourceTitle "CBM 107 Extra"]
[Source "ChessBase"]
[SourceDate "2005.09.01"]
[SourceVersion "1"]
[SourceVersionDate "2005.09.01"]
[SourceQuality "1"]

1. e4 c5 2. Nf3 d6 3. d4 cxd4 4. Nxd4 Nf6 5. Nc3 g6 6. Be3 Bg7 7. f3 Nc6 8. Qd2 O-O 9. O-O-O Bd7 10. g4 Rc8 11. Kb1 Ne5 12. h4 b5 13. h5 Nxf3 14. Nxf3 Bxg4 15. Be2 b4 16. hxg6 bxc3 17. gxh7+ Kh8 18. Qd3 Qa5 19. b3 Bh5 20. Nh4 Bxe2 21. Qxe2 Nxe4 22. Rdg1 Qe5 23. Rg2 Nd2+ 24. Ka1 Rb8 25. Rxg7 Qxg7 26. Nf5 Qf6 27. Bd4 e5 28. Bxc3 Nxb3+ 29. axb3 Qxf5 30. Rh5 Qe6 31. Qe4 f5 32. Qh4 Rf7 33. Rh6 Qe7 34. Qc4 Rxh7 35. Re6 Qd7 36. Rg6 Rg7 37. Rxg7 Qxg7 38. Qh4+ {time} 1-0

[Event "CAN-op"]
[Site "Edmonton CAN"]
[Date "2005.07.09"]
[Round "1"]
[White "Huber, Gregory"]
[Black "Masson, Richard"]
[Result "1-0"]
[WhiteElo "2310"]
[BlackElo "1712"]
[PlyCount "71"]
[GameId "2160767910901265"]
[EventDate "2005.07.09"]
[EventType "swiss"]
[EventRounds "10"]
[EventCountry "CAN"]
[SourceTitle "CBM 107 Extra"]
[Source "ChessBase"]
[SourceDate "2005.09.01"]
[SourceVersion "1"]
[SourceVersionDate "2005.09.01"]
[SourceQuality "1"]

1. e4 d5 2. exd5 Nf6 3. Bb5+ Bd7 4. Be2 c6 5. dxc6 Nxc6 6. d4 e5 7. dxe5 Qa5+ 8. Bd2 Qxe5 9. Bc3 Qg5 10. Nf3 Qxg2 11. Rg1 Qh3 12. Rg3 Qf5 13. Rg5 Qe6 14. Nd4 Qd6 15. Nxc6 Bxc6 16. Re5+ Kd7 17. Nd2 Kc7 18. Nc4 Qxd1+ 19. Rxd1 Ne4 20. Rxe4 Bxe4 21. Be5+ Kc6 22. Na5+ Kb6 23. Nc4+ Kc6 24. c3 f6 25. Na5+ Kb6 26. Nc4+ Kc6 27. Bf4 Be7 28. Na5+ Kb6 29. Nc4+ Kc6 30. b4 b6 31. b5+ Kxb5 32. Nd6+ Kc6 33. Bb5+ Kc7 34. Nxe4+ Kb7 35. Rd7+ Kc8 36. Rxe7 1-0

[Event "CAN-op"]
[Site "Edmonton CAN"]
[Date "2005.07.09"]
[Round "1"]
[White "MacLeod, Damon"]
[Black "Doubleday, William"]
[Result "0-1"]
[WhiteElo "1601"]
[BlackElo "2069"]
[PlyCount "42"]
[GameId "2160767910901266"]
[EventDate "2005.07.09"]
[EventType "swiss"]
[EventRounds "10"]
[EventCountry "CAN"]
[SourceTitle "CBM 107 Extra"]
[Source "ChessBase"]
[SourceDate "2005.09.01"]
[SourceVersion "1"]
[SourceVersionDate "2005.09.01"]
[SourceQuality "1"]

1. e4 c5 2. Nf3 Nc6 3. Bb5 d6 4. O-O Nf6 5. Re1 e5 6. c3 Bd7 7. d4 Qc7 8. Na3 a6 9. Bf1 Be7 10. h3 O-O 11. Nc2 Rfe8 12. Nh2 h6 13. f4 exd4 14. cxd4 cxd4 15. Nxd4 Bf8 16. Qd3 Nxd4 17. Qxd4 d5 18. b4 dxe4 19. Re3 Qxf4 20. Rc3 Qe5 21. Qe3 Nd5 0-1

[Event "CAN-op"]
[Site "Edmonton CAN"]
[Date "2005.07.09"]
[Round "1"]
[White "Mandic, Slaven"]
[Black "Willie, Joshua"]
[Result "1-0"]
[WhiteElo "1970"]
[BlackElo "1555"]
[PlyCount "90"]
[GameId "2160767910901267"]
[EventDate "2005.07.09"]
[EventType "swiss"]
[EventRounds "10"]
[EventCountry "CAN"]
[SourceTitle "CBM 107 Extra"]
[Source "ChessBase"]
[SourceDate "2005.09.01"]
[SourceVersion "1"]
[SourceVersionDate "2005.09.01"]
[SourceQuality "1"]

1. f4 Nc6 2. Nf3 d6 3. e4 Bg4 4. Bc4 Qd7 5. c3 Nf6 6. d3 e6 7. O-O Na5 8. Bb3 Nxb3 9. axb3 Be7 10. Be3 O-O 11. Nbd2 c5 12. Qc2 a5 13. Ra2 b5 14. Rfa1 Qc7 15. Ne1 d5 16. h3 Bh5 17. e5 Nd7 18. b4 a4 19. b3 Ra6 20. bxa4 Rfa8 21. axb5 Rxa2 22. Rxa2 Rxa2 23. Qxa2 cxb4 24. Qa8+ Bf8 25. Qc6 Qd8 26. cxb4 Bxb4 27. Nc2 Bxd2 28. Bxd2 h6 29. Be3 Bd1 30. Nb4 Qa5 31. Qxd7 Qxb4 32. Bf2 Ba4 33. Qd8+ Kh7 34. b6 Bc6 35. Qc7 Qb5 36. Qxf7 Qxd3 37. Qxe6 Qb1+ 38. Kh2 Qb5 39. Qf5+ Kh8 40. e6 Qb4 41. Qf7 d4 42. e7 d3 43. Qf8+ Kh7 44. e8=Q Qxf8 45. Qxf8 d2 1-0

[Event "CAN-op"]
[Site "Edmonton CAN"]
[Date "2005.07.09"]
[Round "1"]
[White "Peng, David Yu"]
[Black "Oberton, Daniel"]
[Result "1-0"]
[WhiteElo "2120"]
[BlackElo "1656"]
[PlyCount "77"]
[GameId "2160767910901268"]
[EventDate "2005.07.09"]
[EventType "swiss"]
[EventRounds "10"]
[EventCountry "CAN"]
[SourceTitle "CBM 107 Extra"]
[Source "ChessBase"]
[SourceDate "2005.09.01"]
[SourceVersion "1"]
[SourceVersionDate "2005.09.01"]
[SourceQuality "1"]

1. d4 Nf6 2. Nf3 g6 3. Bg5 Bg7 4. Nbd2 O-O 5. e4 d6 6. Bc4 c6 7. Bb3 Bg4 8. h3 Bxf3 9. Qxf3 h6 10. Bh4 Qc7 11. O-O Nbd7 12. Rad1 Rac8 13. Rfe1 a6 14. Qe3 e5 15. c3 Rfe8 16. dxe5 Rxe5 17. Bg3 Ree8 18. Qf3 Ne5 19. Qe2 Rcd8 20. Nf3 Nxf3+ 21. Qxf3 Qe7 22. e5 Nh5 23. Qd3 dxe5 24. Qxg6 Nxg3 25. Qxg3 Kh7 26. Qf3 f6 27. Qf5+ Kh8 28. Bc2 Bf8 29. Rd3 Rxd3 30. Bxd3 Rd8 31. Re3 Qf7 32. Rg3 Rd6 33. Bc2 Rd2 34. Bb3 Rd5 35. Rf3 Be7 36. Bxd5 cxd5 37. Qxe5 d4 38. Qxd4 Qxa2 39. Re3 1-0

[Event "CAN-op"]
[Site "Edmonton CAN"]
[Date "2005.07.09"]
[Round "1"]
[White "Purewal, Pal"]
[Black "Nataf, Igor A"]
[Result "0-1"]
[WhiteElo "1774"]
[BlackElo "2603"]
[PlyCount "54"]
[GameId "2160767910901269"]
[EventDate "2005.07.09"]
[EventType "swiss"]
[EventRounds "10"]
[EventCountry "CAN"]
[SourceTitle "CBM 107 Extra"]
[Source "ChessBase"]
[SourceDate "2005.09.01"]
[SourceVersion "1"]
[SourceVersionDate "2005.09.01"]
[SourceQuality "1"]

1. e4 c5 2. Nc3 Nc6 3. Bb5 Nd4 4. Bc4 e6 5. Nf3 a6 6. a4 Ne7 7. Nxd4 cxd4 8. Ne2 d5 9. exd5 Nxd5 10. Bxd5 Qxd5 11. O-O Bd6 12. d3 O-O 13. b3 Re8 14. Bf4 e5 15. Bg3 Bg4 16. f3 Bh5 17. h3 f5 18. Bh2 Bg6 19. Kh1 Rac8 20. Rc1 Ba3 21. c4 Qd7 22. Ra1 Bc5 23. Ng3 h5 24. Re1 Bb4 25. Re2 h4 26. Nf1 f4 27. Nd2 Bxd3 0-1

[Event "CAN-op"]
[Site "Edmonton CAN"]
[Date "2005.07.09"]
[Round "1"]
[White "Rajski, Piotr"]
[Black "Mulyar, Michael"]
[Result "0-1"]
[WhiteElo "1746"]
[BlackElo "2422"]
[PlyCount "44"]
[GameId "2160767910901270"]
[EventDate "2005.07.09"]
[EventType "swiss"]
[EventRounds "10"]
[EventCountry "CAN"]
[SourceTitle "CBM 107 Extra"]
[Source "ChessBase"]
[SourceDate "2005.09.01"]
[SourceVersion "1"]
[SourceVersionDate "2005.09.01"]
[SourceQuality "1"]

1. e4 e5 2. Nf3 Nc6 3. Bb5 a6 4. Ba4 Nf6 5. O-O b5 6. Bb3 Bc5 7. c3 d6 8. d4 Bb6 9. h3 Bb7 10. Re1 h6 11. Be3 O-O 12. Nbd2 Re8 13. d5 Ne7 14. Bxb6 cxb6 15. Bc2 Ng6 16. Nf1 Nf4 17. Ng3 Bc8 18. Kh2 Qd7 19. Ng1 Qe7 20. N3e2 Ng4+ 21. hxg4 Qh4+ 22. Nh3 Bxg4 0-1

[Event "CAN-op"]
[Site "Edmonton CAN"]
[Date "2005.07.09"]
[Round "1"]
[White "Shirov, Alexei"]
[Black "Mattson, Dane"]
[Result "1-0"]
[WhiteElo "2705"]
[BlackElo "1819"]
[PlyCount "49"]
[GameId "2160767910901271"]
[EventDate "2005.07.09"]
[EventType "swiss"]
[EventRounds "10"]
[EventCountry "CAN"]
[SourceTitle "CBM 107 Extra"]
[Source "ChessBase"]
[SourceDate "2005.09.01"]
[SourceVersion "1"]
[SourceVersionDate "2005.09.01"]
[SourceQuality "1"]

1. d4 e6 2. Nf3 Nf6 3. g3 b6 4. Bg2 Bb7 5. O-O Be7 6. c4 O-O 7. Nc3 Ne4 8. Bd2 f5 9. d5 exd5 10. Nxd5 Bf6 11. Bf4 Na6 12. Nd4 c6 13. Nxf6+ Qxf6 14. f3 Nd6 15. b3 c5 16. Nb5 Nf7 17. Qxd7 Bc6 18. Qd3 Qe6 19. e4 fxe4 20. fxe4 Rad8 21. Qe2 Rd7 22. Rad1 Rfd8 23. Nc3 Nd6 24. Qh5 Qf7 25. Qh4 1-0